000 00270nam a22001337a 4500
008 170911b xxu||||| |||| 00| 0 eng d
020 _a0716705508
041 _aeng
080 _a52
100 _a42
101 _aAST
245 _aTHE SOLAR SYSTEM
942 _2udc
_cBK
999 _c27060
_d27060